[Event "BL 0910 Schachfr. Berlin - SK König Teg"]
[Site "?"]
[Date "2010.02.05"]
[Round "7.8"]
[White "Abel, Dennes"]
[Black "Kachibadze, Georg"]
[Result "1-0"]
[WhiteElo "2380"]
[BlackElo "2239"]
[PlyCount "96"]
[EventDate "2010.??.??"]

1. d4 Nf6 2. c4 e6 3. g3 d5 4. Nf3 Be7 5. Bg2 O-O 6. O-O dxc4 7. Qc2 a6 8. Qxc4
b5 9. Qc2 Bb7 10. Bd2 Ra7 11. Rc1 Be4 12. Qb3 Nbd7 13. Bb4 Nd5 14. Bxe7 Qxe7
15. Ne5 Nxe5 16. Bxe4 Nc4 17. Bd3 Ndb6 18. Qc2 f5 19. Bxc4 Nxc4 20. b3 Nb6 21.
Nd2 Qd6 22. Nf3 Nd5 23. Ne5 Rb7 24. Qd2 Rb6 25. a4 bxa4 26. bxa4 Qb4 27. Qd3
Rc8 28. a5 Rd6 29. Rc5 Rb8 30. Rac1 Qb2 31. R5c2 Qb7 32. Qd2 Qb3 33. Qg5 Qb7
34. h4 h6 35. Qh5 Rf8 36. Qf3 Qb4 37. e3 Qb3 38. Ng6 Rb8 39. Nf4 Rb5 40. Nxd5
Qxd5 41. Qxd5 Rbxd5 42. Rxc7 e5 43. dxe5 Rxe5 44. Rb7 Rxa5 45. Rcc7 Rg6 46.
Rc8+ Kh7 47. Rbb8 Rd6 48. Rc7 Re5 1-0

[Event "BL 0910 Schachfr. Berlin - OSG Baden Ba"]
[Site "?"]
[Date "2010.02.06"]
[Round "8.5"]
[White "Nisipeanu, Liviu-Dieter"]
[Black "Schneider, Ilja"]
[Result "1-0"]
[WhiteElo "2664"]
[BlackElo "2500"]
[PlyCount "47"]
[EventDate "2010.??.??"]

1. e4 c5 2. Nf3 e6 3. d4 cxd4 4. Nxd4 Nf6 5. Nc3 Nc6 6. Be2 Bb4 7. O-O Bxc3 8.
bxc3 Nxe4 9. Qd3 d5 10. Ba3 Qa5 11. Nb5 a6 12. Nd6+ Nxd6 13. Bxd6 Qd8 14. Qg3
Ne7 15. Bd3 Ng6 16. Rfe1 Bd7 17. c4 dxc4 18. Be4 Bc6 19. Bxc6+ bxc6 20. Rad1
Ra7 21. Bc5 Rd7 22. Rb1 Qh4 23. Rb8+ Rd8 24. Rd1 1-0

[Event "BL 0910 Schachfr. Berlin - OSG Baden Ba"]
[Site "?"]
[Date "2010.02.06"]
[Round "8.6"]
[White "Berndt, Stephan"]
[Black "Caruana, Fabiano"]
[Result "0-1"]
[WhiteElo "2442"]
[BlackElo "2662"]
[PlyCount "84"]
[EventDate "2010.??.??"]

1. e4 c5 2. Nf3 e6 3. d4 cxd4 4. Nxd4 a6 5. Bd3 Bc5 6. Nb3 Be7 7. O-O d6 8. Qg4
g6 9. Qe2 Nd7 10. Na3 Ne5 11. f4 Nxd3 12. cxd3 Nf6 13. Nc4 d5 14. Ne5 O-O 15.
Bd2 a5 16. Bc3 a4 17. Nd4 Bc5 18. Kh1 Bxd4 19. Bxd4 dxe4 20. Qf2 exd3 21. Rad1
Bd7 22. Nxd7 Nxd7 23. Rxd3 Qe7 24. Rfd1 Rad8 25. Qe3 b6 26. Qd2 Rc8 27. Bc3 Nc5
28. Rd4 Rfe8 29. Qe3 Rcd8 30. Qe5 f6 31. Qe3 Rxd4 32. Qxd4 Kf7 33. h3 Rc8 34.
f5 exf5 35. Qc4+ Qe6 36. Qh4 h5 37. Qf4 Ne4 38. Re1 g5 39. Qf3 Kg6 40. g4 hxg4
41. hxg4 Rh8+ 42. Kg1 Rh4 0-1

[Event "BL 0910 Schachfr. Berlin - OSG Baden Ba"]
[Site "?"]
[Date "2010.02.06"]
[Round "8.7"]
[White "Gustafsson, Jan"]
[Black "Agopov, Mikail"]
[Result "1-0"]
[WhiteElo "2622"]
[BlackElo "2452"]
[PlyCount "51"]
[EventDate "2010.??.??"]

1. d4 Nf6 2. c4 g6 3. Nc3 d5 4. Nf3 Bg7 5. Qb3 dxc4 6. Qxc4 O-O 7. e4 Nc6 8.
Be2 Bg4 9. d5 Na5 10. Qa4 Bxf3 11. Bxf3 c6 12. O-O b5 13. Qd1 cxd5 14. e5 Nd7
15. Qxd5 Rb8 16. e6 Ne5 17. exf7+ Nxf7 18. Bf4 Qxd5 19. Bxd5 Rbc8 20. Rad1 Bxc3
21. bxc3 Nc4 22. Rfe1 Rfe8 23. Be6 Rc5 24. h4 Kf8 25. Rd3 Nce5 26. Rde3 1-0

[Event "BL 0910 SK König Tegel - H.Handschuhshe"]
[Site "?"]
[Date "2010.02.06"]
[Round "8.2"]
[White "Stern, Rene"]
[Black "Svetushkin, Dmitry"]
[Result "1-0"]
[WhiteElo "2501"]
[BlackElo "2570"]
[PlyCount "77"]
[EventDate "2010.??.??"]

1. d4 Nf6 2. c4 e6 3. Nc3 Bb4 4. Bd2 O-O 5. e3 b6 6. Nf3 Bb7 7. Bd3 d6 8. Qc2
c5 9. a3 Bxc3 10. Bxc3 Nbd7 11. d5 exd5 12. cxd5 b5 13. Bxb5 Nxd5 14. Be2 Nxc3
15. Qxc3 Nf6 16. O-O Rb8 17. Rfd1 Qb6 18. b4 Ne4 19. Qe1 Rfc8 20. Rdc1 Bd5 21.
Qd1 Qc6 22. Nd4 Qe8 23. Nf5 Ba8 24. Nxd6 Nxd6 25. Qxd6 Rb6 26. Qf4 Rf6 27. Qc4
Rg6 28. Bf1 h5 29. bxc5 Rg4 30. Qe2 Rc6 31. Rc4 Rg5 32. Rac1 Rcg6 33. f3 a6 34.
Qf2 Qe7 35. h4 Rf5 36. e4 Rf4 37. Rd1 Rxh4 38. Qd2 Rf4 39. Qxf4 1-0

[Event "BL 0910 SK König Tegel - H.Handschuhshe"]
[Site "?"]
[Date "2010.02.06"]
[Round "8.3"]
[White "Ginsburg, Gennadi"]
[Black "Muse, Mladen"]
[Result "1-0"]
[WhiteElo "2537"]
[BlackElo "2448"]
[PlyCount "67"]
[EventDate "2010.??.??"]

1. e4 g6 2. d4 Bg7 3. Nc3 d6 4. Nf3 a6 5. Be2 Nd7 6. O-O e6 7. Bg5 Ne7 8. Qd2
h6 9. Be3 b6 10. Rad1 Bb7 11. h3 Nf6 12. e5 Nfd5 13. Bf4 Nxf4 14. Qxf4 O-O 15.
Ne4 g5 16. Nf6+ Bxf6 17. Qxf6 Ng6 18. g3 dxe5 19. dxe5 Qxf6 20. exf6 Bxf3 21.
Bxf3 Rad8 22. Rfe1 Rd6 23. Rxd6 cxd6 24. c4 Ne5 25. Be2 Rc8 26. Rd1 Nxc4 27. b3
Ne5 28. Rxd6 Rc1+ 29. Kg2 Rc2 30. Bxa6 Rxa2 31. Bb7 Re2 32. Kf1 Rb2 33. Be4 Ng6
34. Rxb6 1-0

[Event "BL 0910 SK König Tegel - H.Handschuhshe"]
[Site "?"]
[Date "2010.02.06"]
[Round "8.4"]
[White "Von Herman, Ulf"]
[Black "Gurevic, Vladimir"]
[Result "1/2-1/2"]
[WhiteElo "2424"]
[BlackElo "2470"]
[PlyCount "47"]
[EventDate "2010.??.??"]

1. d4 Nf6 2. c4 e6 3. Nf3 b6 4. Nc3 Bb4 5. Bd2 Bb7 6. g3 c5 7. a3 Bxc3 8. Bxc3
Ne4 9. Rc1 O-O 10. Bg2 Nc6 11. O-O d5 12. dxc5 bxc5 13. cxd5 exd5 14. Ne5 Nxe5
15. Bxe5 Re8 16. Bxe4 Rxe5 17. Bf3 Qb6 18. Qd2 d4 19. Bxb7 Qxb7 20. b4 cxb4 21.
axb4 Rae8 22. Rfe1 g6 23. Rc4 Qe7 24. Rxd4 1/2-1/2

[Event "BL 0910 SK König Tegel - H.Handschuhshe"]
[Site "?"]
[Date "2010.02.06"]
[Round "8.6"]
[White "Fruebing, Stefan"]
[Black "Schwalfenberg, Joerg"]
[Result "1/2-1/2"]
[WhiteElo "2337"]
[BlackElo "2317"]
[PlyCount "56"]
[EventDate "2010.??.??"]

1. e4 c6 2. d4 d5 3. e5 Bf5 4. Nf3 e6 5. a3 Nd7 6. Nbd2 Bg6 7. Be2 Nh6 8. c4
Be7 9. b3 Nf5 10. Bb2 O-O 11. O-O f6 12. exf6 Bxf6 13. Ne5 Nxd4 14. Nxg6 hxg6
15. Bxd4 Bxd4 16. Ra2 Bb6 17. Bg4 Qf6 18. cxd5 cxd5 19. Nc4 Bc7 20. Re1 Nc5 21.
Ne3 Rad8 22. Nf1 Bb6 23. Ng3 e5 24. Rf1 e4 25. Kh1 Nd3 26. f3 Qd4 27. Rd2 Rde8
28. Bd7 Rd8 1/2-1/2

[Event "BL 0910 SK König Tegel - H.Handschuhshe"]
[Site "?"]
[Date "2010.02.06"]
[Round "8.7"]
[White "Maier, Christian"]
[Black "Breier, Andreas"]
[Result "1/2-1/2"]
[WhiteElo "2350"]
[BlackElo "2405"]
[PlyCount "62"]
[EventDate "2010.??.??"]

1. e4 c5 2. Nc3 Nc6 3. Bb5 e6 4. Nf3 Qc7 5. O-O Nge7 6. d4 cxd4 7. Nxd4 Nxd4 8.
Qxd4 Nc6 9. Bxc6 bxc6 10. e5 d5 11. exd6 Bxd6 12. Qh4 f5 13. Qh5+ Qf7 14. Qxf7+
Kxf7 15. Rd1 Bc7 16. Be3 e5 17. Na4 f4 18. Bc5 Bf5 19. c4 Rhd8 20. b3 e4 21.
Bb4 g5 22. Re1 a5 23. Bc3 Rd3 24. Rac1 Re8 25. Nc5 Rdd8 26. Nb7 Ra8 27. Rcd1 a4
28. Nd6+ Bxd6 29. Rxd6 Re6 30. Rd7+ Re7 31. Rd6 Re6 1/2-1/2

[Event "BL 0910 SK König Tegel - H.Handschuhshe"]
[Site "?"]
[Date "2010.02.06"]
[Round "8.8"]
[White "Kachibadze, Georg"]
[Black "Syska, Albert"]
[Result "1-0"]
[WhiteElo "2239"]
[BlackElo "2255"]
[PlyCount "153"]
[EventDate "2010.??.??"]

1. e4 c5 2. Nf3 d6 3. Bc4 Nf6 4. d3 Nc6 5. c3 e6 6. Bb3 Be7 7. O-O O-O 8. Re1
e5 9. Nbd2 Ne8 10. Nf1 Bf6 11. Be3 Qa5 12. Ng3 g6 13. Bh6 Bg7 14. Bxg7 Nxg7 15.
Qd2 Be6 16. Qh6 f6 17. Nd2 Bxb3 18. Nxb3 Qc7 19. f4 Ne6 20. f5 Nf4 21. d4 b6
22. Ne2 Nxe2+ 23. Rxe2 gxf5 24. exf5 Qg7 25. Qd2 Rad8 26. Re3 Kh8 27. Rg3 Qf7
28. Rd1 a5 29. Qh6 Ne7 30. Rf1 Rg8 31. Rxg8+ Rxg8 32. Nd2 Rg5 33. Ne4 Rxf5 34.
Nxd6 Rxf1+ 35. Kxf1 Qg7 36. Qxg7+ Kxg7 37. dxc5 bxc5 38. Nb7 Nd5 39. Nxc5 Ne3+
40. Kg1 Nd1 41. Na4 Kf7 42. Kf1 Ne3+ 43. Kf2 Ng4+ 44. Kf3 Nxh2+ 45. Ke4 Ng4 46.
b4 axb4 47. cxb4 Ke6 48. Nc5+ Kd6 49. a4 Nh6 50. a5 f5+ 51. Kd3 e4+ 52. Kd4 Kc6
53. Kc4 Ng4 54. b5+ Kd6 55. a6 Ne3+ 56. Kd4 Nc2+ 57. Kc3 Ne3 58. Na4 Nd5+ 59.
Kc4 e3 60. a7 e2 61. a8=Q Ne3+ 62. Kd3 e1=Q 63. Qd8+ Ke6 64. Nc5+ Kf7 65. Qd7+
Kf6 66. Qe6+ Kg7 67. Qxe3 Qb1+ 68. Kc4 Qf1+ 69. Qd3 Qxg2 70. Qxf5 Qa2+ 71. Nb3
Qe2+ 72. Qd3 Qe6+ 73. Qd5 Qe2+ 74. Kb4 Qe1+ 75. Qd2 Qe7+ 76. Nc5 Qh4+ 77. Ka5
1-0

[Event "BL 0910 SC Remagen - SC Eppingen"]
[Site "?"]
[Date "2010.02.06"]
[Round "8.7"]
[White "Medvegy, Zoltan"]
[Black "Teske, Henrik"]
[Result "1/2-1/2"]
[WhiteElo "2556"]
[BlackElo "2545"]
[PlyCount "72"]
[EventDate "2010.??.??"]

1. d4 d5 2. c4 e6 3. Nf3 Nf6 4. g3 dxc4 5. Bg2 c5 6. O-O Nc6 7. dxc5 Bd7 8.
Nbd2 Bxc5 9. Nxc4 O-O 10. Bg5 Rc8 11. Nd6 Rc7 12. Rc1 b6 13. Ne4 Be7 14. Nxf6+
Bxf6 15. Qd6 Rc8 16. Bxf6 gxf6 17. Rfd1 Nb8 18. Rxc8 Qxc8 19. Qd2 Kg7 20. Rc1
Qa6 21. b3 Rc8 22. Rxc8 Qxc8 23. h4 Bc6 24. Nh2 h5 25. Qf4 Bxg2 26. Kxg2 Qc6+
27. Nf3 Nd7 28. g4 hxg4 29. Qxg4+ Kh7 30. Qh5+ Kg7 31. Qg4+ Kh7 32. e4 Qc2 33.
Qh5+ Kg7 34. Qg4+ Kh7 35. Qh5+ Kg7 36. Qg4+ Kh7 1/2-1/2

[Event "BL 0910 Solinger SG - SG Turm Trier"]
[Site "?"]
[Date "2010.02.06"]
[Round "8.5"]
[White "Seger, Ruediger"]
[Black "Jussupow, Artur"]
[Result "0-1"]
[WhiteElo "2407"]
[BlackElo "2566"]
[PlyCount "74"]
[EventDate "2010.??.??"]

1. e4 e6 2. d4 d5 3. Nd2 c5 4. exd5 exd5 5. Ngf3 Nc6 6. Bb5 Bd6 7. dxc5 Bxc5 8.
O-O Nge7 9. Nb3 Bd6 10. Bg5 O-O 11. c3 Qc7 12. Re1 a6 13. Be2 Be6 14. Bxe7 Qxe7
15. Nbd4 Qf6 16. Qd3 Bc5 17. Rad1 Rfd8 18. g3 Bg4 19. Nxc6 bxc6 20. Nd4 Bd7 21.
b4 Bb6 22. Bf1 a5 23. a3 axb4 24. axb4 Ra3 25. Re3 g6 26. h4 Bg4 27. Rd2 Rc8
28. Bg2 c5 29. bxc5 Rxc5 30. Rc2 Kg7 31. Qd2 Ra1+ 32. Re1 Rxe1+ 33. Qxe1 Rc8
34. Rb2 Ba5 35. Nb5 d4 36. Qe4 dxc3 37. Nxc3 Bf5 0-1

[Event "BL 0910 Solinger SG - SG Turm Trier"]
[Site "?"]
[Date "2010.02.06"]
[Round "8.7"]
[White "Rat, Dan Ovidiu"]
[Black "Ragger, Markus"]
[Result "0-1"]
[WhiteElo "2315"]
[BlackElo "2561"]
[PlyCount "102"]
[EventDate "2010.??.??"]

1. c4 Nf6 2. g3 c6 3. Nf3 d5 4. Qc2 Bg4 5. Bg2 Nbd7 6. d4 e6 7. O-O Be7 8. Nbd2
O-O 9. e4 Bh5 10. Ne5 Nb6 11. exd5 exd5 12. c5 Nbd7 13. Ndf3 Re8 14. Re1 Bxf3
15. Nxf3 Ne4 16. Nd2 Ng5 17. Nf3 Nxf3+ 18. Bxf3 Nf8 19. Bd2 Qd7 20. Bc3 Bf6 21.
Kg2 g6 22. b4 h5 23. Qd3 a6 24. a4 Ne6 25. Kf1 Nc7 26. Bg2 Kg7 27. Bd2 Ne6 28.
Be3 Re7 29. Qd2 Rae8 30. Bh3 Qd8 31. f3 h4 32. Rad1 Ng5 33. Bg4 Nh7 34. Rb1 Kg8
35. b5 axb5 36. axb5 hxg3 37. hxg3 Bg7 38. bxc6 bxc6 39. Bf2 Rxe1+ 40. Bxe1 Ng5
41. f4 Ne4 42. Qd3 g5 43. f5 Qf6 44. Rb4 Qh6 45. Bf3 Qh3+ 46. Bg2 Qxf5+ 47. Qf3
Qe6 48. Qd1 g4 49. Kg1 Nxc5 50. Bd2 Nd3 51. Ra4 Nb2 0-1

[Event "BL 0910 Hamburger SK - Erfurter SK"]
[Site "?"]
[Date "2010.02.07"]
[Round "9.2"]
[White "Baramidze, David"]
[Black "Haba, Petr"]
[Result "1-0"]
[WhiteElo "2532"]
[BlackElo "2541"]
[PlyCount "71"]
[EventDate "2010.??.??"]

1. Nf3 d5 2. c4 c6 3. e3 Nf6 4. Nc3 e6 5. b3 Bd6 6. Bb2 O-O 7. h3 Qe7 8. g4 Ba3
9. Bxa3 Qxa3 10. g5 Ne4 11. Nxe4 dxe4 12. Ne5 Qa5 13. f4 exf3 14. Nxf3 e5 15.
Qc2 Na6 16. a3 Qc7 17. Bd3 g6 18. b4 Nb8 19. Be4 a5 20. Rb1 axb4 21. axb4 Nd7
22. Rg1 Kh8 23. Qc3 Re8 24. Ke2 f5 25. gxf6 Nxf6 26. Bc2 Bxh3 27. Bxg6 hxg6 28.
Rxg6 Qh7 29. Rbg1 Nd7 30. R6g5 Bf5 31. R1g2 Bd3+ 32. Qxd3 Qxd3+ 33. Kxd3 e4+
34. Kd4 Nf6 35. Rh2+ Nh7 36. Ne5 1-0

[Event "BL 0910 Hamburger SK - Erfurter SK"]
[Site "?"]
[Date "2010.02.07"]
[Round "9.3"]
[White "Casper, Thomas"]
[Black "Hansen, Sune Berg"]
[Result "1/2-1/2"]
[WhiteElo "2395"]
[BlackElo "2552"]
[PlyCount "62"]
[EventDate "2010.??.??"]

1. e4 e5 2. Bc4 Nf6 3. d3 Nc6 4. Nc3 Na5 5. Nge2 c6 6. O-O Be7 7. Bb3 O-O 8.
Ng3 d5 9. h3 dxe4 10. dxe4 Qxd1 11. Rxd1 g6 12. Bg5 Kg7 13. Nce2 Re8 14. Bd2
Nxb3 15. axb3 Nd7 16. Nc1 f6 17. Nd3 Kf7 18. Nf1 b6 19. Ne3 Bb7 20. Nc4 Red8
21. Be3 c5 22. f3 Nb8 23. Nf2 Nc6 24. c3 Ke6 25. Rxd8 Rxd8 26. Kf1 Bc8 27. Ke2
Kf7 28. Rd1 Be6 29. Rxd8 Nxd8 30. Kd1 Nc6 31. Kc2 Ke8 1/2-1/2

[Event "BL 0910 Hamburger SK - Erfurter SK"]
[Site "?"]
[Date "2010.02.07"]
[Round "9.4"]
[White "Rasmussen, Allan Stig"]
[Black "Enders, Peter"]
[Result "1/2-1/2"]
[WhiteElo "2535"]
[BlackElo "2467"]
[PlyCount "50"]
[EventDate "2010.??.??"]

1. e4 c5 2. Nf3 Nc6 3. d4 cxd4 4. Nxd4 Nf6 5. Nc3 d6 6. Bg5 e6 7. Qd2 Be7 8.
O-O-O O-O 9. f3 Nxd4 10. Qxd4 a6 11. h4 b5 12. Kb1 Bb7 13. g4 Rc8 14. Bd3 Re8
15. a3 Qc7 16. Qf2 Nd7 17. Bd2 Ne5 18. g5 Nc4 19. Bxc4 Qxc4 20. h5 d5 21. exd5
exd5 22. Rh4 Qc6 23. Qd4 Qc4 24. Qf2 Qc6 25. Qd4 Qc4 1/2-1/2

[Event "BL 0910 Hamburger SK - Erfurter SK"]
[Site "?"]
[Date "2010.02.07"]
[Round "9.5"]
[White "Mueller, Matthias"]
[Black "Ftacnik, Lubomir Dr"]
[Result "0-1"]
[WhiteElo "2410"]
[BlackElo "2532"]
[PlyCount "56"]
[EventDate "2010.??.??"]

1. e4 c5 2. Nf3 d6 3. d4 cxd4 4. Nxd4 Nf6 5. Nc3 e6 6. g4 h6 7. h4 Nc6 8. Rg1
d5 9. Bb5 Bd7 10. exd5 Nxd5 11. Nxd5 exd5 12. Be3 Be7 13. g5 hxg5 14. hxg5 Rh4
15. Nxc6 bxc6 16. Bd3 Qb8 17. g6 d4 18. Bg5 Bxg5 19. Rxg5 Rh1+ 20. Bf1 Qb4+ 21.
c3 dxc3 22. Re5+ Be6 23. gxf7+ Kf8 24. a3 c2+ 25. axb4 cxd1=Q+ 26. Rxd1 Bc4 27.
Re2 Kxf7 28. Rd7+ Kf8 0-1

[Event "BL 0910 Hamburger SK - Erfurter SK"]
[Site "?"]
[Date "2010.02.07"]
[Round "9.6"]
[White "Mueller, Karsten Dr"]
[Black "Schoene, Maria"]
[Result "1-0"]
[WhiteElo "2523"]
[BlackElo "2274"]
[PlyCount "45"]
[EventDate "2010.??.??"]

1. d4 g6 2. e4 d6 3. Nc3 Nf6 4. f4 Bg7 5. Nf3 c5 6. Bb5+ Bd7 7. e5 Ng4 8. Bxd7+
Qxd7 9. d5 dxe5 10. h3 e4 11. hxg4 exf3 12. Qxf3 Na6 13. Bd2 O-O-O 14. O-O-O
Nb4 15. Ne4 Qa4 16. Bxb4 cxb4 17. Kb1 h6 18. f5 g5 19. d6 Bf6 20. dxe7 Bxe7 21.
f6 Bf8 22. Rxd8+ Kxd8 23. Nxg5 1-0

[Event "BL 0910 Hamburger SK - Erfurter SK"]
[Site "?"]
[Date "2010.02.07"]
[Round "9.7"]
[White "Schuetze, Norman"]
[Black "Heinemann, Thies"]
[Result "0-1"]
[WhiteElo "2278"]
[BlackElo "2484"]
[PlyCount "92"]
[EventDate "2010.??.??"]

1. e4 c5 2. Nf3 d6 3. d4 cxd4 4. Nxd4 Nf6 5. Nc3 a6 6. Be3 e5 7. Nb3 Be6 8. f3
Nbd7 9. g4 Nb6 10. g5 Nh5 11. Qd2 Be7 12. O-O-O Rc8 13. Rg1 O-O 14. h4 g6 15.
Nd5 Nxd5 16. exd5 Bf5 17. Bd3 Qd7 18. Kb1 f6 19. gxf6 Bxf6 20. Qh2 Bxd3 21.
Rxd3 Rc4 22. Bg5 Bxg5 23. hxg5 Nf4 24. Rd2 Qf5 25. Na5 Rc7 26. b3 Nh3 27. Rg3
Nxg5 28. Rdg2 Nxf3 29. Qh6 Rf6 30. Nc4 Rg7 31. Qc1 Qe4 32. Rf2 Rgf7 33. Ne3 Rf4
34. Ng2 Rg4 35. Rxg4 Qxg4 36. Ne3 Qf4 37. Re2 Nd4 38. Re1 Nf5 39. Qd2 Nxe3 40.
Rxe3 Kg7 41. Qc3 Qd4 42. Qxd4 exd4 43. Re6 Rd7 44. Kc1 h5 45. Kd2 h4 46. Ke2
Rf7 0-1

[Event "BL 0910 Hamburger SK - Erfurter SK"]
[Site "?"]
[Date "2010.02.07"]
[Round "9.8"]
[White "Sebastian, Dirk"]
[Black "Krueger, Rainer Dr"]
[Result "1-0"]
[WhiteElo "2443"]
[BlackElo "2211"]
[PlyCount "108"]
[EventDate "2010.??.??"]

1. e4 c5 2. Nf3 d6 3. Bc4 Nc6 4. d3 Nf6 5. O-O e6 6. Nbd2 Be7 7. a3 a6 8. Re1
b5 9. Ba2 Bb7 10. Nf1 Qc7 11. c3 Ne5 12. Ng3 Ng6 13. d4 h5 14. h4 d5 15. e5 Ne4
16. Bb1 Nxh4 17. Nxe4 dxe4 18. Nxh4 Bxh4 19. Bxe4 Bxe4 20. Rxe4 Be7 21. a4 Qc6
22. Re3 g6 23. d5 exd5 24. axb5 axb5 25. Rxa8+ Qxa8 26. e6 O-O 27. Qd3 Qc6 28.
Re5 Bf6 29. exf7+ Kg7 30. Rxd5 Rxf7 31. Rd6 Qe8 32. Be3 b4 33. g3 bxc3 34. bxc3
Qe5 35. c4 h4 36. gxh4 Qh5 37. Qe4 Qxh4 38. Qxh4 Bxh4 39. Bxc5 Bf6 40. Rc6 Be5
41. Be3 Rd7 42. Kg2 Bd4 43. Bf4 Rf7 44. Bg3 Kh6 45. Rd6 Bc5 46. Rd5 Rf5 47.
Rxf5 gxf5 48. Bf4+ Kg6 49. Be3 Be7 50. Kf3 Kf6 51. c5 Ke6 52. c6 Bd8 53. Bf4
Bb6 54. Ke2 Kd5 1-0

[Event "BL 0910 Werder Bremen - Bayern München"]
[Site "?"]
[Date "2010.02.07"]
[Round "9.2"]
[White "Efimenko, Zahar"]
[Black "Bromberger, Stefan"]
[Result "1/2-1/2"]
[WhiteElo "2654"]
[BlackElo "2518"]
[PlyCount "82"]
[EventDate "2010.??.??"]

1. e4 e5 2. Nf3 Nc6 3. Bb5 f5 4. d3 fxe4 5. dxe4 Nf6 6. O-O Bc5 7. Qd3 d6 8.
Qc4 Qe7 9. Nc3 Bd7 10. Nd5 Nxd5 11. exd5 Nd4 12. Bxd7+ Qxd7 13. Nxd4 Bxd4 14.
a4 a6 15. Be3 Bxe3 16. fxe3 O-O-O 17. Rf3 Rdf8 18. Raf1 Rxf3 19. Rxf3 Kb8 20.
b3 Qe7 21. Qf1 e4 22. Rf4 Qe5 23. Qc4 Re8 24. c3 Re7 25. a5 Re8 26. b4 Re7 27.
Rf1 Qh5 28. b5 Rf7 29. Rb1 Qg5 30. bxa6 Qxe3+ 31. Kh1 Qd3 32. Qxd3 exd3 33. Kg1
d2 34. axb7 Re7 35. Kf2 Re1 36. Rxe1 dxe1=Q+ 37. Kxe1 Kxb7 38. Kd2 Ka6 39. Kc2
Kxa5 40. Kb3 Kb5 41. c4+ Kc5 1/2-1/2

[Event "BL 0910 Werder Bremen - Bayern München"]
[Site "?"]
[Date "2010.02.07"]
[Round "9.3"]
[White "Schenk, Andreas"]
[Black "Fressinet, Laurent"]
[Result "1/2-1/2"]
[WhiteElo "2509"]
[BlackElo "2658"]
[PlyCount "82"]
[EventDate "2010.??.??"]

1. d4 Nf6 2. c4 e6 3. Nf3 d5 4. Nc3 Bb4 5. cxd5 exd5 6. Bg5 Nbd7 7. Qc2 c5 8.
dxc5 h6 9. Bd2 Bxc5 10. e3 O-O 11. Be2 a6 12. O-O b5 13. a3 Bb7 14. b4 Bd6 15.
a4 bxa4 16. Qxa4 Nb6 17. Qb3 Nc4 18. Nxd5 Bxh2+ 19. Kxh2 Ng4+ 20. Kg1 Nxd2 21.
Nxd2 Bxd5 22. Qd1 Nf6 23. Bxa6 Qd6 24. Qe2 Qxb4 25. Bc4 Rad8 26. Rab1 Qa5 27.
Rfd1 Ba8 28. Nf1 Rc8 29. Ba6 Rc7 30. Rbc1 Ra7 31. Bc4 Re8 32. Bb5 Rb8 33. Bc6
Qe5 34. Bxa8 Rbxa8 35. Rd4 g6 36. Rcd1 Kg7 37. Qf3 Ra2 38. Qf4 Qxf4 39. exf4 h5
40. R1d2 Rxd2 41. Rxd2 Ra1 1/2-1/2

[Event "BL 0910 Werder Bremen - Bayern München"]
[Site "?"]
[Date "2010.02.07"]
[Round "9.4"]
[White "Nyback, Tomi"]
[Black "Stangl, Markus"]
[Result "1-0"]
[WhiteElo "2615"]
[BlackElo "2455"]
[PlyCount "95"]
[EventDate "2010.??.??"]

1. d4 d5 2. c4 e6 3. Nf3 Nf6 4. g3 c5 5. Bg2 Nc6 6. O-O Be7 7. cxd5 exd5 8. Nc3
O-O 9. Bg5 c4 10. Ne5 Be6 11. Nxc6 bxc6 12. b3 Qa5 13. Na4 cxb3 14. axb3 Qb4
15. e3 Bf5 16. Bxf6 Bxf6 17. Nc5 a5 18. Ra4 Qc3 19. Qf3 Bd3 20. e4 dxe4 21.
Nxe4 Qc2 22. Nxf6+ gxf6 23. Rfa1 Bb5 24. R4a2 Qg6 25. d5 cxd5 26. Qxd5 Rab8 27.
Rxa5 Bd3 28. Ra8 Kg7 29. h4 Rxa8 30. Rxa8 Rxa8 31. Qxa8 Qg4 32. Qf3 Qd4 33. Qe3
Qa1+ 34. Kh2 Qb1 35. Bd5 Bg6 36. Qd4 h5 37. b4 Bf5 38. Bc6 Bd3 39. Qe3 Qc2 40.
Qc5 Qb2 41. b5 Be2 42. b6 Ba6 43. Bg2 Kg6 44. Qa5 Bc8 45. Qa8 Qxb6 46. Qxc8
Qxf2 47. Qg8+ Kh6 48. Qxf7 1-0

[Event "BL 0910 Werder Bremen - Bayern München"]
[Site "?"]
[Date "2010.02.07"]
[Round "9.5"]
[White "Belezky, Alexander"]
[Black "Hracek, Zbynek"]
[Result "1/2-1/2"]
[WhiteElo "2463"]
[BlackElo "2606"]
[PlyCount "56"]
[EventDate "2010.??.??"]

1. Nf3 c5 2. g3 g6 3. Bg2 Bg7 4. d3 Nc6 5. e4 e5 6. O-O Nge7 7. a4 O-O 8. Na3
h6 9. c3 d6 10. Nc4 Be6 11. Nfd2 Qd7 12. Rb1 Rad8 13. Re1 d5 14. exd5 Bxd5 15.
Bf1 Be6 16. Qb3 b6 17. Qb5 Qc7 18. a5 Rb8 19. Ra1 Bd7 20. axb6 axb6 21. Qa6 b5
22. Ne3 Rb7 23. Qa2 Ra7 24. Qb1 Nd8 25. Rxa7 Qxa7 26. b4 Ne6 27. bxc5 Nxc5 28.
Ne4 Nxe4 1/2-1/2

[Event "BL 0910 Werder Bremen - Bayern München"]
[Site "?"]
[Date "2010.02.07"]
[Round "9.6"]
[White "Babula, Vlastimil"]
[Black "Meissner, Bernd"]
[Result "1-0"]
[WhiteElo "2569"]
[BlackElo "2410"]
[PlyCount "109"]
[EventDate "2010.??.??"]

1. d4 Nf6 2. c4 g6 3. Nc3 Bg7 4. e4 d6 5. Nf3 O-O 6. Be2 c5 7. O-O cxd4 8. Nxd4
Nc6 9. Be3 Bd7 10. Nc2 a6 11. f3 Rc8 12. Qd2 Ne5 13. b3 b5 14. cxb5 Qc7 15. Bd4
axb5 16. Rfc1 Qb7 17. Nb4 Rfd8 18. Rab1 Nc6 19. Nxc6 Bxc6 20. a4 bxa4 21. bxa4
Qa8 22. Bb6 Re8 23. Bb5 Nd7 24. Bd4 Bxb5 25. axb5 Qb8 26. b6 Rc4 27. Bxg7 Kxg7
28. Nd5 Rxc1+ 29. Rxc1 e6 30. Qd4+ Kg8 31. Rc7 exd5 32. Rxd7 dxe4 33. fxe4 Qc8
34. Rc7 Qa6 35. h3 Rxe4 36. Qxd6 Re6 37. Qd8+ Kg7 38. Qd4+ Rf6 39. b7 Qb6 40.
Qxb6 Rxb6 41. Kf2 Rb3 42. Ke2 h5 43. Kd2 g5 44. Kc2 Rb5 45. Kc3 Kg6 46. Kc4 Rb1
47. Kc5 f6 48. g4 hxg4 49. hxg4 Rb2 50. Rd7 Rc2+ 51. Kd6 Rd2+ 52. Kc7 Rc2+ 53.
Kd8 Rb2 54. Kc8 f5 55. Rd6+ 1-0

[Event "BL 0910 Werder Bremen - Bayern München"]
[Site "?"]
[Date "2010.02.07"]
[Round "9.7"]
[White "Rodewis, Thomas Dr"]
[Black "Llaneza Vega, Marcos"]
[Result "0-1"]
[WhiteElo "2367"]
[BlackElo "2504"]
[PlyCount "78"]
[EventDate "2010.??.??"]

1. d4 Nf6 2. c4 e6 3. Nf3 b6 4. Nc3 Bb7 5. Bg5 Be7 6. e3 O-O 7. Be2 h6 8. Bh4
Ne4 9. Bxe7 Qxe7 10. Nxe4 Bxe4 11. O-O d6 12. Nd2 Bb7 13. Bf3 c5 14. d5 exd5
15. cxd5 Nd7 16. Nc4 Ba6 17. b3 f5 18. Re1 Bxc4 19. bxc4 Ne5 20. Be2 f4 21.
exf4 Rxf4 22. g3 Qg5 23. Qc1 Raf8 24. Rf1 Qg6 25. a4 Re4 26. Re1 Re8 27. Kg2
Qf6 28. Qd2 Rf8 29. f4 Nxc4 30. Bxc4 Rxc4 31. Ra3 Qf5 32. Rd3 Rxa4 33. Re6 Rf6
34. Re7 a5 35. Rb7 Rb4 36. Re3 Re4 37. Rd3 Rf7 38. Rxb6 Rfe7 39. Kf2 Qh5 0-1

[Event "BL 0910 Werder Bremen - Bayern München"]
[Site "?"]
[Date "2010.02.07"]
[Round "9.8"]
[White "Skripchenko, Almira"]
[Black "Jorczik, Julian"]
[Result "1-0"]
[WhiteElo "2448"]
[BlackElo "2374"]
[PlyCount "105"]
[EventDate "2010.??.??"]

1. e4 e6 2. d4 d5 3. exd5 exd5 4. Nf3 Nc6 5. Bb5 Bd6 6. c4 dxc4 7. d5 a6 8. Ba4
b5 9. dxc6 bxa4 10. O-O Ne7 11. Qxa4 O-O 12. Nbd2 Rb8 13. a3 c3 14. bxc3 Qe8
15. Nc4 Qxc6 16. Qxc6 Nxc6 17. Nxd6 cxd6 18. Bf4 Rd8 19. Rab1 Rxb1 20. Rxb1 d5
21. h3 Rd7 22. Rb6 Bb7 23. Ne5 Nxe5 24. Bxe5 f6 25. Bd4 h5 26. g4 hxg4 27. hxg4
Bc8 28. f3 Kf7 29. Kf2 Re7 30. Rd6 Bb7 31. Bc5 Rc7 32. Bb6 Re7 33. Bd8 Re8 34.
Rd7+ Kg6 35. Bb6 Bc6 36. Rc7 Bb5 37. Bd4 Rd8 38. Rb7 Rd7 39. Rb6 Re7 40. Kg3
Kf7 41. Bc5 Rc7 42. Bb4 Rd7 43. Bd6 Be2 44. f4 Bb5 45. f5 Rd8 46. Bc5 Rd7 47.
Kf4 Rc7 48. Bd4 Re7 49. g5 fxg5+ 50. Kxg5 Kg8 51. Rd6 Rd7 52. Re6 Kh7 53. Re8
1-0